| 000 | 00729caa a2200205 4500 | ||
|---|---|---|---|
| 999 |
_c458310 _d458310 |
||
| 001 | 5147822 | ||
| 003 | UA-OsUOA | ||
| 005 | 20200225111014.0 | ||
| 008 | 200225b un ||||| |||| 00| 0 ukr d | ||
| 040 |
_aUA-OsUOA _bukr _cUA-OsUOA _dUA-OsUOA |
||
| 041 | _aukr | ||
| 080 | _a908 | ||
| 090 | _a908 | ||
| 100 | _aКравцов С. Р. | ||
| 245 |
_a"Запізнена" готика в архітектурі синагог Волині, Поділля та Галичини _cС. Р. Кравцов |
||
| 300 | _aС. 29–38 | ||
| 650 | _2UDC | ||
| 773 | 0 |
_0408986 _9420917 _dРівне ПП ДМ 2008 _o161064 _tАрхітектурна спадщина Волині _w(UA-OsUOA) 135827 _z978-966-8424-91-5 |
|
| 942 |
_2udc _cBKA |
||